| 000 | 00357 a2200133 4500 | ||
|---|---|---|---|
| 001 | 91403 | ||
| 082 | _aPR 1299 | ||
| 090 |
_c43533 _d43532 |
||
| 100 | _aAzhar Naeem; | ||
| 245 |
_aNon Destructive Testing Methods and its Applications in Aviation Industry _n49 "A" EC |
||
| 260 |
_aKarachi _bNED University |
||
| 300 | _a75p | ||
| 500 | _aBE Project Reporsts | ||
| 942 |
_aCAE NUST _kPR 1299 |
||
| 999 |
_c326476 _d326476 |
||